000 00514nam a22001577a 4500
003 macl
005 20210914165312.0
008 210914b |||||||| |||| 00| 0 eng d
040 _cmacl
082 _a891.431/TRI/P
100 _aत्रिपाठी ,डाॅ रमानाथ
_981058
245 _aअपूर्वा ( काव्‍य- संकलन )
260 _aदिल्‍ली
_bअक्षय प्रकाशन
_c2013
650 _aकविताऍ
_968817
942 _2ddc
_cHIN
999 _c64290
_d64290